| 000 | 00493nam a2200157 a 4500 | ||
|---|---|---|---|
| 001 | 000034924 | ||
| 005 | 20200930074005.0 | ||
| 008 | 111021s1949 fr a 000 0 spa d | ||
| 040 |
_aDO-SdBNP _bspa _cBNPHU |
||
| 082 |
_axxx _bD886t |
||
| 100 | 1 |
_aDumas, Alexandre, _d1802-1870 _93715 |
|
| 245 | 1 | 0 |
_aLes trois mousquetaires / _cAlexandre Dumas ; préface André Fraigneau. |
| 260 |
_aFrancia : _bBordas, _c1949. |
||
| 300 |
_a292 p. : _bil. ; _c23 cm. |
||
| 700 | 1 |
_aFraigneau, André, _epref. _960493 |
|
| 999 |
_c34415 _d34415 |
||